01122nab a2200301 uc450000100070000000500170000700800410002403500110006503500210007604000130009704100080011010000350011824501520015365000280030565000360033365000370036965000280040665000220043465000360045665000280049265000240052065000230054465000310056765000260059870000390062470000400066377301170070384894120251218100910.0031007e20000701 spa  a848941 a(OCoLC)820079818 ccomduadb aspa10aGomez Camacho, Yarid4auteaut10aPerfil epidemiologico de infecciones respiratorias diarreicas inmunizaciones control prenatal y lactancia en los hogares Fami del barrio Las Nieves aPerfil epidemiológico 7aEnfermedades respiratorias2dcs aEnfermedad diarreica aguda (EDA) aControl de la natalidad aLactancia materna 7aEnfermedades transmisibles2dcs 7aFactores de riesgo2dcs aMorbilidad infantil aHogares infantiles aBarranquilla (Atlántico) 7aContaminación2lemb10aSierra Barcinilla, Kerly4auteaut10aTorrenegra Solano, Terlis4auteaut0 tUnimetro (Barranquilla)gVolumen 15-16, Número 30-31, Jul. 2000-Jun. 2001, p. 57-63w404116x0120-75040114913